Caderno de escrita para o método sintético de leitura e escrita

Gespeichert in:
Bibliographische Detailangaben
1. Verfasser: J Carlos Guimarães Correia dos Santos
Format: keine Angabe
Sprache:Portugiesisch
Erschienen: Lisboa Papelaria Fernandes 1932
Katalog:MANES:  Suchergebnis im Bibliothekskatalog
Schulbuchspezifische Eigenschaften:
Tags: Tag hinzufügen
Keine Tags, Fügen Sie den ersten Tag hinzu!
Hinzugefügt zu:26.04.2016
Geändert in:25.04.2025

MARC

LEADER 000000000a22000000004500
001 37027
003 OSt
005 20250425110800.0
008 160427s po ||||| |||| 00| 0 por d
041 |a Portugués 
561 |5 pt-MJD  |a Portugal. Museu João de Deus  |k MANES 
691 |a PRI 
100 1 |a J  |b Carlos Guimarães  |9 19127  |b Correia dos Santos  |9 19128 
245 0 0 |a Caderno de escrita para o método sintético de leitura e escrita 
260 3 |a Lisboa  |b Papelaria Fernandes  |c 1932 
300 |a 16 p.  |c 16 cm 
500 |a Registro Topográfico: 9200 
690 |a EyL 
942 |2 ddc  |c BK 
546 |a Portugal 
999 |c 40486  |d 40486 
999 |c manes:40486  |d 40486